The Americas (except US) Geography by Letter - L - Statistics

General Stats
  • This quiz has been taken 778 times
  • The average score is 8 of 13
Answer Stats
Hint Answer % Correct
Capital of Peru Lima
99%
Bolivian capital La Paz
91%
Newfoundland and _______________ Labrador
89%
After China and India, Mexico is the third largest producer of this yellow fruit. Lemon
84%
Mexico is also the third largest producer of this green fruit; very similar to the above Lime
83%
Connects the Great Lakes to the Atlantic; St. __________ Lawrence
73%
Borders Uruguay and Argentina; Rio de ___ _______ la Plata
66%
The area south of the Rio Grande, including Central and South Ameirca Latin America
66%
Island chain to the north of the Windward Islands Leeward
47%
Major city in central Mexico and a boy's name Leon
38%
Highest mountain in Canada Logan
37%
Third largest city in Alberta, south of Calgary Lethbridge
15%
A section of the Appalachian mountains found in Quebec, also an alternative name for the Canadian Shield, and the name of a university in Sudbury, Ontario Laurentian
13%
No matching quizzes found
Score Distribution
Percent of People with Each Score
Percentile by Number Answered
Your Score History
You have not taken this quiz